[Event "Mid Bohemia Region-chT 2223"]
[Site "Czech Republic"]
[Date "2022.11.27"]
[Round "4.2"]
[White "Krischke, Arnold"]
[Black "Elias, Jakub"]
[Result "1-0"]
[WhiteElo "1968"]
[BlackElo "1953"]
[PlyCount "93"]
[EventDate "2022.10.09"]
[EventType "team-tourn"]
[EventRounds "11"]
[EventCountry "CZE"]
[SourceTitle "EXT 2024"]
[Source "ChessBase"]
[SourceDate "2023.10.10"]
[SourceVersion "1"]
[SourceVersionDate "2023.10.10"]
[SourceQuality "1"]
[WhiteTeam "Brodce"]
[BlackTeam "Mlada Boleslav Skoda"]
[WhiteTeamCountry "CZE"]
[BlackTeamCountry "CZE"]

1. c4 g6 2. Nc3 Bg7 3. g3 c5 4. Bg2 Nc6 5. Nf3 Nf6 6. d4 cxd4 7. Nxd4 Nxd4 8. Qxd4 d6 9. 0-0 0-0 10. Qd3 Bf5 11. e4 Bd7 12. Be3 Qc7 13. Rac1 Rac8 14. b3 a6 15. Qd2 Rfe8 16. Nd5 Nxd5 17. cxd5 Qb8 18. Bb6 Rxc1 19. Rxc1 Rc8 20. Bf1 f5 21. Bh3 Rxc1+ 22. Qxc1 Qc8 23. Qxc8+ Bxc8 24. exf5 Bxf5 25. Bxf5 gxf5 26. Kf1 Kf7 27. Ke2 e6 28. dxe6+ Kxe6 29. Kd3 Kd5 30. h3 Bf6 31. g4 f4 32. f3 Bh4 33. Ba5 b5 34. a4 Ke5 35. Bc3+ Kd5 36. axb5 axb5 37. Bd2 Bg5 38. h4 Bxh4 39. Bxf4 Bf6 40. Bd2 Be7 41. f4 Ke6 42. Ke4 d5+ 43. Kd4 Bf6+ 44. Kc5 h5 45. gxh5 Kf5 46. Kxd5 Kg4 47. Kc5 1-0

[Event "Prague op 16th"]
[Site "Prague"]
[Date "2017.01.13"]
[Round "1"]
[White "Obolentseva, Alexandra"]
[Black "Krischke, Arnold"]
[Result "1-0"]
[WhiteElo "2338"]
[BlackElo "1981"]
[PlyCount "55"]
[EventDate "2017.01.13"]
[EventType "swiss"]
[EventRounds "9"]
[EventCountry "CZE"]
[SourceTitle "CBM 176 Extra"]
[Source "ChessBase"]
[SourceDate "2017.03.02"]
[SourceVersion "1"]
[SourceVersionDate "2017.03.02"]
[SourceQuality "1"]

1. d4 f5 2. Nf3 e6 3. g3 Nf6 4. Bg2 d5 5. 0-0 c6 6. Bf4 Bd6 7. e3 0-0 8. c4 Bxf4 9. gxf4 Bd7 10. Ne5 Be8 11. Nc3 Nbd7 12. Bf3 Ne4 13. Nxe4 Nxe5 14. Nc5 Nxf3+ 15. Qxf3 Qe7 16. Nd3 Qh4 17. Ne5 Bh5 18. Qg2 Be2 19. Rfe1 Bxc4 20. b3 Ba6 21. Kh1 Qe7 22. Rg1 Rac8 23. Qh3 c5 24. Rg5 Rf6 25. Rag1 Rc7 26. Qh4 cxd4 27. Rxg7+ Qxg7 28. Qxf6 1-0

[Event "Prague Holiday K22"]
[Site "Prague"]
[Date "2012.07.26"]
[Round "7"]
[White "Krischke, Arnold"]
[Black "Hanl, Frantisek"]
[Result "1-0"]
[WhiteElo "2039"]
[BlackElo "1911"]
[PlyCount "79"]
[EventDate "2012.07.22"]
[EventType "tourn"]
[EventRounds "9"]
[EventCountry "CZE"]
[SourceTitle "EXT 2023"]
[Source "ChessBase"]
[SourceDate "2022.10.05"]
[SourceVersion "1"]
[SourceVersionDate "2022.10.05"]
[SourceQuality "1"]

1. c4 c5 2. g3 g6 3. Bg2 Bg7 4. Nc3 Nc6 5. Nf3 Nf6 6. 0-0 0-0 7. d4 cxd4 8. Nxd4 Nxd4 9. Qxd4 d6 10. Qd3 a6 11. Be3 Qc7 12. Rac1 Be6 13. Nd5 Bxd5 14. cxd5 Qd7 15. Rc4 e5 16. dxe6 fxe6 17. Rfc1 Rfc8 18. Rxc8+ Rxc8 19. Rxc8+ Qxc8 20. Qxd6 Ne8 21. Qe7 Nc7 22. Bh3 Bf8 23. Qg5 Qd7 24. Qe5 Bg7 25. Qe4 Kf7 26. Qxb7 Be5 27. f4 Qd1+ 28. Kf2 Bd6 29. Qc6 Ke7 30. Bc5 Nb5 31. Qb7+ Kf6 32. Bb6 Bb4 33. Qe4 Be1+ 34. Kg2 Qd7 35. a4 Nd6 36. Qd4+ Kf7 37. Kf1 Qc6 38. Kxe1 Ne4 39. Bg2 Qc1+ 40. Qd1 1-0

[Event "CZE-chT2a 0607"]
[Site "Czech Republic"]
[Date "2007.01.14"]
[Round "6.5"]
[White "Krischke, Arnold"]
[Black "Cecil, Pavel"]
[Result "1-0"]
[WhiteElo "2079"]
[BlackElo "2089"]
[PlyCount "79"]
[EventDate "2006.10.15"]
[EventType "team"]
[EventRounds "11"]
[EventCountry "CZE"]
[SourceTitle "EXT 2009"]
[Source "ChessBase"]
[SourceDate "2008.11.26"]
[SourceVersion "1"]
[SourceVersionDate "2008.11.26"]
[SourceQuality "1"]
[WhiteTeam "Praha Praga"]
[BlackTeam "Plzen Loko"]
[WhiteTeamCountry "CZE"]
[BlackTeamCountry "CZE"]

1. c4 e5 2. Nc3 Nf6 3. g3 Bb4 4. Nd5 Nxd5 5. cxd5 0-0 6. Bg2 Re8 7. Nf3 Bf8 8. 0-0 d6 9. d3 Nd7 10. Bg5 Be7 11. Bxe7 Rxe7 12. Qc2 a5 13. Rac1 Nf8 14. Nd2 b6 15. e4 Ra7 16. Nc4 Bd7 17. f4 exf4 18. gxf4 f6 19. Rce1 b5 20. Nd2 Qe8 21. Nf3 c5 22. dxc6 Bxc6 23. Nd4 Bd7 24. Rc1 Kh8 25. Qb3 Ne6 26. Nf5 Nc5 27. Qd5 Bxf5 28. Qxf5 Qf7 29. d4 g6 30. Qc8+ Re8 31. Qc6 Nd3 32. Rc3 Nb4 33. Qxb5 Nxa2 34. Ra3 Rb7 35. Qxa5 Rxb2 36. e5 Qc4 37. exf6 h5 38. Qg5 Qxd4+ 39. Kh1 Kh7 40. f5 1-0

[Event "Prague-ch 3rd lag"]
[Site "Prague"]
[Date "2006.04.20"]
[Round "2"]
[White "Krischke, Arnold"]
[Black "Routner, Jakub"]
[Result "1/2-1/2"]
[WhiteElo "2094"]
[BlackElo "2166"]
[PlyCount "74"]
[EventDate "2006.04.13"]
[EventType "swiss"]
[EventRounds "7"]
[EventCountry "CZE"]
[SourceTitle "EXT 2008"]
[Source "ChessBase"]
[SourceDate "2007.11.25"]
[SourceVersion "1"]
[SourceVersionDate "2007.11.25"]
[SourceQuality "1"]

1. c4 e5 2. Nc3 g6 3. g3 Bg7 4. Bg2 d6 5. d3 f5 6. Nf3 Nf6 7. 0-0 0-0 8. Rb1 c6 9. b4 h6 10. b5 c5 11. Ne1 Qe7 12. Nc2 Be6 13. Ne3 Qf7 14. Bd2 f4 15. Ned5 g5 16. Qc1 Nbd7 17. Nc7 Rab8 18. Ne4 Nxe4 19. Nxe6 Qxe6 20. Bxe4 Nf6 21. Bg2 Rf7 22. e3 fxe3 23. fxe3 Rbf8 24. Qc2 Kh8 25. Rf3 Ng4 26. Rbf1 Rxf3 27. Rxf3 Rxf3 28. Bxf3 b6 29. Qd1 Nf6 30. Bg2 e4 31. Qc2 d5 32. cxd5 Qxd5 33. dxe4 Qe6 34. a4 Nd7 35. Bc3 Bxc3 36. Qxc3+ Ne5 37. Qd2 Qb3 1/2-1/2

[Event "CZE-chT2c 0506"]
[Site "Czech Republic"]
[Date "2005.11.06"]
[Round "2.6"]
[White "Machlowski, Slawomir"]
[Black "Krischke, Arnold"]
[Result "1-0"]
[WhiteElo "2056"]
[BlackElo "2090"]
[PlyCount "73"]
[EventDate "2005.10.16"]
[EventType "team"]
[EventRounds "11"]
[EventCountry "CZE"]
[SourceTitle "EXT 2009"]
[Source "ChessBase"]
[SourceDate "2008.11.26"]
[SourceVersion "1"]
[SourceVersionDate "2008.11.26"]
[SourceQuality "1"]
[WhiteTeam "Rychnov nad Kneznou"]
[BlackTeam "Praha Praga II"]
[WhiteTeamCountry "CZE"]
[BlackTeamCountry "CZE"]

1. g3 c5 2. Bg2 Nc6 3. c4 g6 4. Nf3 Bg7 5. 0-0 e5 6. Nc3 Nge7 7. a3 0-0 8. Rb1 d5 9. cxd5 Nxd5 10. Nxd5 Qxd5 11. d3 Qd6 12. Ng5 Bd7 13. Ne4 Qe7 14. Bg5 f6 15. Be3 Nd4 16. b4 cxb4 17. axb4 Rac8 18. Nc5 Bc6 19. Bxd4 Bxg2 20. Kxg2 exd4 21. Qb3+ Rf7 22. Ne6 f5 23. h4 Bf6 24. Rfc1 Re8 25. Nf4 Kg7 26. Rc2 Qd6 27. Rbc1 Bxh4 28. Rc8 Ree7 29. R1c5 Bg5 30. Nd5 Rd7 31. Qc4 Bf6 32. Nc7 Qe7 33. Ne8+ Kh6 34. Qc1+ g5 35. Rxf5 Qe6 36. g4 Kg6 37. Nxf6 1-0

[Event "Prague Visus op"]
[Site "Prague"]
[Date "2005.07.09"]
[Round "8"]
[White "Krischke, Arnold"]
[Black "Filipi, Stepan"]
[Result "0-1"]
[WhiteElo "2112"]
[BlackElo "2022"]
[PlyCount "114"]
[EventDate "2005.07.02"]
[EventType "swiss"]
[EventRounds "9"]
[EventCountry "CZE"]
[SourceTitle "CBM 107 Extra"]
[Source "ChessBase"]
[SourceDate "2005.09.01"]
[SourceVersion "1"]
[SourceVersionDate "2005.09.01"]
[SourceQuality "1"]

1. c4 e6 2. Nf3 b6 3. g3 Bb7 4. Bg2 Nf6 5. 0-0 c5 6. Nc3 Nc6 7. d4 Nxd4 8. Nxd4 Bxg2 9. Kxg2 cxd4 10. Qxd4 Bc5 11. Qd3 Qc7 12. Bg5 Be7 13. Rfd1 Qc6+ 14. f3 0-0 15. Rac1 h6 16. Bxf6 Bxf6 17. b3 Rad8 18. Ne4 Be7 19. Nd6 f5 20. Rc2 Rf6 21. b4 Qa4 22. Qb3 Qxb3 23. axb3 e5 24. c5 bxc5 25. bxc5 Rb8 26. Rc3 Bxd6 27. cxd6 Rb6 28. Rc7 Rfxd6 29. Rxd6 Rxd6 30. Rxa7 Kf7 31. Kf2 Ke6 32. Rb7 Rd2 33. Ke3 Rb2 34. h4 g5 35. h5 f4+ 36. gxf4 gxf4+ 37. Kd3 Rb1 38. Rb6+ d6 39. Rb7 Rh1 40. Rc7 Rxh5 41. b4 Rh1 42. Kc2 Re1 43. b5 Rxe2+ 44. Kb1 Rg2 45. b6 Rg8 46. Kc2 Rb8 47. b7 Kd5 48. Kc3 h5 49. Kb4 Kd4 50. Kb5 d5 51. Kb6 e4 52. Rd7 exf3 53. Rxd5+ Ke4 54. Rxh5 f2 55. Rh1 Kf3 56. Kc7 Rxb7+ 57. Kxb7 Kg2 0-1

[Event "Prague Visus op"]
[Site "Prague"]
[Date "2005.07.04"]
[Round "3"]
[White "Sedlacek, Tomas"]
[Black "Krischke, Arnold"]
[Result "1/2-1/2"]
[WhiteElo "1995"]
[BlackElo "2112"]
[PlyCount "27"]
[EventDate "2005.07.02"]
[EventType "swiss"]
[EventRounds "9"]
[EventCountry "CZE"]
[SourceTitle "CBM 107 Extra"]
[Source "ChessBase"]
[SourceDate "2005.09.01"]
[SourceVersion "1"]
[SourceVersionDate "2005.09.01"]
[SourceQuality "1"]

1. d4 Nf6 2. Bg5 d5 3. e3 Bf5 4. Nd2 Nbd7 5. Be2 e6 6. f4 Be7 7. Bxf6 Nxf6 8. Ngf3 Ne4 9. c3 c6 10. Nxe4 Bxe4 11. Qb3 Qb6 12. 0-0 0-0 13. Ne5 Qxb3 14. axb3 1/2-1/2

[Event "CZE-chT2a 0405"]
[Site "Czech Republic"]
[Date "2005.01.16"]
[Round "6.5"]
[White "Gschwendtner, Stanislav"]
[Black "Krischke, Arnold"]
[Result "1-0"]
[WhiteElo "2171"]
[BlackElo "2133"]
[PlyCount "51"]
[EventDate "2004.10.17"]
[EventType "team"]
[EventRounds "11"]
[EventCountry "CZE"]
[SourceTitle "EXT 2007"]
[Source "ChessBase"]
[SourceDate "2006.11.23"]
[SourceVersion "1"]
[SourceVersionDate "2006.11.23"]
[SourceQuality "1"]
[WhiteTeam "Klatovy"]
[BlackTeam "Kladno"]
[WhiteTeamCountry "CZE"]
[BlackTeamCountry "CZE"]

1. c4 Nf6 2. Nc3 e6 3. e4 d5 4. e5 d4 5. exf6 dxc3 6. bxc3 Qxf6 7. d4 c5 8. Nf3 cxd4 9. Bd3 h6 10. cxd4 Bb4+ 11. Kf1 Bd6 12. Qe2 Nc6 13. Bb2 Nb4 14. Bb1 Qe7 15. h4 b6 16. Be4 Rb8 17. a3 Na6 18. Bc6+ Kf8 19. Ne5 Bxe5 20. Qxe5 Qc7 21. d5 f6 22. Qxc7 Nxc7 23. d6 Ba6 24. dxc7 Bxc4+ 25. Ke1 Rc8 26. Rc1 1-0

[Event "CZE-chT2a 0405"]
[Site "Czech Republic"]
[Date "2004.12.19"]
[Round "5.5"]
[White "Krischke, Arnold"]
[Black "Burdik, Lubomir"]
[Result "1-0"]
[WhiteElo "2133"]
[BlackElo "2150"]
[PlyCount "79"]
[EventDate "2004.10.17"]
[EventType "team"]
[EventRounds "11"]
[EventCountry "CZE"]
[SourceTitle "EXT 2007"]
[Source "ChessBase"]
[SourceDate "2006.11.23"]
[SourceVersion "1"]
[SourceVersionDate "2006.11.23"]
[SourceQuality "1"]
[WhiteTeam "Kladno"]
[BlackTeam "Zizkov"]
[WhiteTeamCountry "CZE"]
[BlackTeamCountry "CZE"]

1. c4 Nf6 2. Nc3 d5 3. cxd5 Nxd5 4. Nf3 g6 5. e4 Nxc3 6. dxc3 Qxd1+ 7. Kxd1 Bg7 8. Bf4 c6 9. Kc2 Nd7 10. Rd1 Nc5 11. Nd2 f5 12. Be3 Nxe4 13. Nxe4 fxe4 14. Bc4 Bf5 15. Kc1 b6 16. h3 Rd8 17. a4 Be5 18. a5 b5 19. Bb3 a6 20. Bb6 Bf4+ 21. Kb1 Rd6 22. g4 Bc8 23. Rhe1 h5 24. Rxe4 Rxd1+ 25. Bxd1 e5 26. Be3 hxg4 27. hxg4 Rh1 28. Kc2 Rxd1 29. Kxd1 Bxg4+ 30. Kd2 Bf5 31. Rb4 c5 32. Rb3 Kf7 33. Ra3 Ke6 34. Ra1 Be4 35. Ke2 Kd5 36. Rd1+ Kc4 37. Rd6 Kb3 38. Bxc5 Kxb2 39. Bb4 Kc2 40. Rxa6 1-0

[Event "CZE-chT2a 0405"]
[Site "Czech Republic"]
[Date "2004.11.07"]
[Round "2.5"]
[White "Folkova, Martina"]
[Black "Krischke, Arnold"]
[Result "1-0"]
[WhiteElo "2144"]
[BlackElo "2133"]
[PlyCount "57"]
[EventDate "2004.10.17"]
[EventType "team"]
[EventRounds "11"]
[EventCountry "CZE"]
[SourceTitle "EXT 2007"]
[Source "ChessBase"]
[SourceDate "2006.11.23"]
[SourceVersion "1"]
[SourceVersionDate "2006.11.23"]
[SourceQuality "1"]
[WhiteTeam "Plzen IC"]
[BlackTeam "Kladno"]
[WhiteTeamCountry "CZE"]
[BlackTeamCountry "CZE"]

1. e4 c6 2. d4 d5 3. exd5 cxd5 4. c4 Nf6 5. Nc3 g6 6. cxd5 Bg7 7. Qb3 0-0 8. Be2 Nbd7 9. Bf3 Nb6 10. Nge2 Bg4 11. Bxg4 Nxg4 12. 0-0 Qd7 13. Bf4 Nf6 14. d6 e6 15. Rac1 Rac8 16. h3 Rc6 17. Be5 Rfc8 18. a4 Nbd5 19. Nxd5 Nxd5 20. Rxc6 Rxc6 21. Rc1 Bf8 22. Rxc6 Qxc6 23. Qb5 Qxb5 24. axb5 f6 25. Bg3 Kf7 26. Nc3 Nxc3 27. bxc3 a5 28. bxa6 bxa6 29. d7 1-0

[Event "CZE-chT2a 0405"]
[Site "Czech Republic"]
[Date "2004.10.17"]
[Round "1.5"]
[White "Krischke, Arnold"]
[Black "Kratochvil, Jakub"]
[Result "1-0"]
[WhiteElo "2133"]
[BlackElo "2057"]
[PlyCount "139"]
[EventDate "2004.10.17"]
[EventType "team"]
[EventRounds "11"]
[EventCountry "CZE"]
[SourceTitle "EXT 2007"]
[Source "ChessBase"]
[SourceDate "2006.11.23"]
[SourceVersion "1"]
[SourceVersionDate "2006.11.23"]
[SourceQuality "1"]
[WhiteTeam "Kladno"]
[BlackTeam "Habartov"]
[WhiteTeamCountry "CZE"]
[BlackTeamCountry "CZE"]

1. Nf3 Nf6 2. c4 e6 3. d4 b6 4. Nc3 Bb7 5. g3 Be7 6. Bg2 0-0 7. 0-0 Ne4 8. Nxe4 Bxe4 9. Ne1 Bxg2 10. Nxg2 d5 11. Qc2 Nd7 12. cxd5 exd5 13. Qc6 Nf6 14. Bf4 Rc8 15. Rfc1 Bd6 16. Rc2 Bxf4 17. Nxf4 Re8 18. Rac1 Re7 19. a4 Rd7 20. a5 bxa5 21. Rc5 Rd6 22. Qb7 Rb6 23. Qxa7 c6 24. Qxa5 Ra8 25. Qe1 Qd7 26. Nd3 Qe6 27. Ne5 Raa6 28. Ra1 Ne4 29. Rca5 Rxa5 30. Qxa5 Rb8 31. Qb6 Rc8 32. Ra7 Nd6 33. Rc7 Rxc7 34. Qxc7 f6 35. Qd8+ Ne8 36. Qd7 Qxd7 37. Nxd7 Nd6 38. Nb8 Nc4 39. b4 Kf7 40. Nxc6 Ke6 41. Na5 Na3 42. f3 Nc2 43. Nc6 Kd6 44. b5 Na3 45. Na7 Kc7 46. e3 Kb7 47. Nc6 Nxb5 48. Ne7 Nc3 49. Kf2 Kc7 50. Ke1 Kd7 51. Kd2 Nb1+ 52. Kc2 Na3+ 53. Kb3 Nb1 54. Nxd5 Nd2+ 55. Kb4 Nxf3 56. h4 Nd2 57. g4 Kd6 58. Nf4 Nf3 59. Nh5 Nh2 60. Nxg7 Nxg4 61. e4 Nf2 62. Nf5+ Kd7 63. Ng3 Kd6 64. Kb5 Nxe4 65. Nxe4+ Kd5 66. Nxf6+ Kxd4 67. Nxh7 Ke5 68. Ng5 Kf5 69. Kc5 Kg4 70. Nf3 1-0

[Event "Prague ProMoPro op"]
[Site "Prague"]
[Date "2004.09.12"]
[Round "2"]
[White "Krischke, Arnold"]
[Black "Novotny, Vladimir"]
[Result "1-0"]
[WhiteElo "2133"]
[BlackElo "2069"]
[PlyCount "63"]
[EventDate "2004.09.11"]
[EventType "swiss"]
[EventRounds "9"]
[EventCountry "CZE"]
[SourceTitle "CBM 102 Extra"]
[Source "ChessBase"]
[SourceDate "2004.11.03"]
[SourceVersion "1"]
[SourceVersionDate "2004.11.03"]
[SourceQuality "1"]

1. e4 c5 2. Nf3 d6 3. d4 cxd4 4. Nxd4 a6 5. c4 e6 6. Nc3 g6 7. g3 Bg7 8. Bg2 Ne7 9. 0-0 Qc7 10. Be3 0-0 11. Rc1 Nd7 12. b3 Rb8 13. Qd2 Nc6 14. Rfd1 Nce5 15. h3 Nc5 16. Bf1 b6 17. f4 Ned7 18. Bg2 Nf6 19. f5 Bb7 20. Qc2 exf5 21. exf5 Bxg2 22. Qxg2 Rbe8 23. Bf2 Nce4 24. g4 Nxf2 25. Qxf2 Bh6 26. Qh4 Be3+ 27. Kf1 Bxc1 28. Qxf6 Bh6 29. Qh4 Be3 30. Nd5 g5 31. Qh6 Re6 32. f6 1-0

[Event "Prague op 03rd"]
[Site "Prague"]
[Date "2004.01.23"]
[Round "9"]
[White "Krischke, Arnold"]
[Black "Boehm, Thomas"]
[Result "1/2-1/2"]
[WhiteElo "2125"]
[BlackElo "2053"]
[PlyCount "71"]
[EventDate "2004.01.16"]
[EventType "swiss"]
[EventRounds "9"]
[EventCountry "CZE"]
[SourceTitle "CBM 098 Extra"]
[Source "ChessBase"]
[SourceDate "2004.03.10"]
[SourceVersion "2"]
[SourceVersionDate "2004.03.10"]
[SourceQuality "1"]

1. Nf3 d5 2. d4 e6 3. c4 c6 4. cxd5 exd5 5. Qc2 Nf6 6. Bg5 Be7 7. Nc3 0-0 8. e3 h6 9. Bxf6 Bxf6 10. Bd3 Re8 11. 0-0 b6 12. b4 Nd7 13. a4 Nf8 14. Rfc1 Be6 15. Ba6 Bc8 16. Qd3 Bxa6 17. Qxa6 Qd7 18. Ne2 Rac8 19. Rab1 Ne6 20. Rc2 Rc7 21. Rbc1 Rec8 22. Qd3 Qd6 23. b5 c5 24. Qa3 Qe7 25. dxc5 bxc5 26. a5 Rb8 27. Rb1 Rcb7 28. Qd3 Qd7 29. Rd1 Rxb5 30. Qxd5 Qxd5 31. Rxd5 Rb1+ 32. Nc1 R8b2 33. Rc4 Ra2 34. Nd2 Rba1 35. Ndb3 Rb1 36. Nd2 1/2-1/2

[Event "Dunajska Streda op"]
[Site "Dunajska Streda"]
[Date "1999.06.15"]
[Round "6"]
[White "Krischke, Arnold"]
[Black "Rybansky, Karol"]
[Result "0-1"]
[WhiteElo "2112"]
[BlackElo "1732"]
[PlyCount "64"]
[EventDate "1999.06.12"]
[EventType "swiss"]
[EventRounds "9"]
[EventCountry "SVK"]
[SourceTitle "EXT 2006"]
[Source "ChessBase"]
[SourceDate "2005.11.24"]
[SourceVersion "1"]
[SourceVersionDate "2005.11.24"]
[SourceQuality "1"]

1. c4 Nf6 2. Nc3 g6 3. g3 Bg7 4. Bg2 0-0 5. Nf3 d6 6. 0-0 e5 7. d3 Nc6 8. Rb1 Rb8 9. b4 b6 10. b5 Ne7 11. Ne1 Bb7 12. e4 Nd7 13. Nd5 c5 14. Nc2 f5 15. Bg5 Nf6 16. Nce3 h6 17. Nxf6+ Bxf6 18. Bxh6 Rf7 19. exf5 Rh7 20. Ng4 Nxf5 21. Be3 Bg5 22. Qd2 Bxe3 23. fxe3 Qg5 24. Qe2 Bxg2 25. Kxg2 Kg7 26. Rf2 Rbh8 27. Qf3 Rxh2+ 28. Kg1 Rh1+ 29. Kg2 R1h2+ 30. Kg1 Rh1+ 31. Kg2 Rxb1 32. e4 Rhh1 0-1

[Event "CZE-chT2"]
[Site "Czech Republic"]
[Date "1999.??.??"]
[Round "?"]
[White "Jandovsky, Jaroslav"]
[Black "Krischke, Arnold"]
[Result "1-0"]
[WhiteElo "2155"]
[BlackElo "2112"]
[PlyCount "111"]
[EventDate "1999.??.??"]
[EventType "team"]
[EventRounds "11"]
[EventCountry "CZE"]
[SourceTitle "EXT 2003"]
[Source "ChessBase"]
[SourceDate "2002.11.25"]
[SourceVersion "1"]
[SourceVersionDate "2002.11.25"]
[SourceQuality "1"]

1. e4 c6 2. d4 d5 3. e5 Bf5 4. c3 e6 5. Nf3 c5 6. Be2 Nc6 7. 0-0 Qb6 8. Qa4 Rc8 9. dxc5 Bxc5 10. b4 Be7 11. Be3 Qc7 12. Na3 a6 13. Nd4 Nh6 14. Bxh6 gxh6 15. Nxf5 exf5 16. f4 0-0 17. Nc2 Nd8 18. Rf3 f6 19. Qb3 Nf7 20. Qxd5 fxe5 21. fxe5 Qxe5 22. Qxe5 Nxe5 23. Re3 Ng6 24. Bf3 Bg5 25. Bd5+ Kg7 26. Rf3 Ne5 27. Rh3 Rc7 28. Nd4 Rd7 29. Ne6+ Kh8 30. Nxf8 Rxd5 31. Ne6 Bd2 32. Rf1 Ng4 33. Nd4 Be3+ 34. Rxe3 Nxe3 35. Re1 f4 36. g3 Rg5 37. Kh1 Nd5 38. Re8+ Kg7 39. Rb8 Kg6 40. Nf3 Nxc3 41. Nxg5 hxg5 42. a3 fxg3 43. hxg3 b5 44. Rb6+ Kf5 45. Rxa6 h5 46. Kg2 h4 47. gxh4 gxh4 48. Rc6 Ne4 49. Rc7 Kf4 50. Kh3 Ke5 51. Kxh4 Nd6 52. Kg3 Nc4 53. Rxc4 bxc4 54. Kf3 Kd4 55. Ke2 Kc3 56. b5 1-0

[Event "CZE-chT2"]
[Site "Czech Republic"]
[Date "1999.??.??"]
[Round "?"]
[White "Krischke, Arnold"]
[Black "Lacha, Josef"]
[Result "1/2-1/2"]
[WhiteElo "2112"]
[BlackElo "2045"]
[PlyCount "96"]
[EventDate "1999.??.??"]
[EventType "team"]
[EventRounds "11"]
[EventCountry "CZE"]
[SourceTitle "EXT 2003"]
[Source "ChessBase"]
[SourceDate "2002.11.25"]
[SourceVersion "1"]
[SourceVersionDate "2002.11.25"]
[SourceQuality "1"]

1. c4 f5 2. g3 e6 3. Bg2 Nf6 4. d4 Be7 5. Nc3 0-0 6. Nf3 d6 7. 0-0 a5 8. Re1 Nc6 9. e4 fxe4 10. Nxe4 Nxe4 11. Rxe4 Bf6 12. Re1 e5 13. d5 Ne7 14. Ng5 Bxg5 15. Bxg5 h6 16. Be3 Nf5 17. Be4 Nxe3 18. Rxe3 Bf5 19. Qd3 Bxe4 20. Qxe4 Qf6 21. Rf1 g5 22. Kg2 Qf5 23. f3 Rf7 24. h4 Raf8 25. hxg5 hxg5 26. c5 Qxe4 27. Rxe4 dxc5 28. Rxe5 Rf5 29. Rfe1 Kg7 30. Re7+ R8f7 31. R1e5 Rxf3 32. Rxg5+ Kf8 33. Rxf7+ Rxf7 34. Re5 b5 35. g4 Kg7 36. Kg3 a4 37. a3 Rd7 38. Kf4 b4 39. axb4 cxb4 40. Ke4 a3 41. bxa3 bxa3 42. Re6 Rd6 43. Re7+ Kf6 44. Rxc7 Ra6 45. Rc1 Ra4+ 46. Kd3 a2 47. Ra1 Ke5 48. Kc3 Rxg4 1/2-1/2